|
|
|
|
| LEADER |
00000nam0a2200000 4500 |
| 001 |
299897 |
| 005 |
20231102001240.0 |
| 010 |
|
|
|b 5000 экз.
|
| 035 |
|
|
|a (RuTPU)RU\TPU\book\325050
|
| 090 |
|
|
|a 299897
|
| 100 |
|
|
|a 20150703d1948 m y0rusy50 ca
|
| 101 |
0 |
|
|a rus
|
| 102 |
|
|
|a RU
|
| 105 |
|
|
|a af z 000zy
|
| 200 |
1 |
|
|a Сборник лекций о передовых методах работы на железнодорожном транспорте
|f под общей ред. В. Е. Царегородцева
|
| 210 |
|
|
|a Москва
|c Государственное транспортное железнодорожное издательство
|d 1948
|
| 215 |
|
|
|a 263 с., [1] вкл. л.
|c ил.
|
| 225 |
1 |
|
|a В помощь партработнику железнодорожного транспорта
|
| 316 |
|
|
|5 63413507: М-133705
|a На обложке и титульном листе владельческая подпись: "Бутаков"
|
| 317 |
|
|
|5 63413507: М-133705
|a Поступила в НТБ в 1970 г. в составе книжного собрания профессора ТПИ И. Н. Бутакова
|
| 606 |
1 |
|
|a Железнодорожный транспорт
|x Управление
|2 stltpush
|3 (RuTPU)RU\TPU\subj\10435
|9 37508
|
| 610 |
1 |
|
|a эксплуатация
|
| 610 |
1 |
|
|a подвижной состав
|
| 610 |
1 |
|
|a связь
|
| 610 |
1 |
|
|a хозрасчет
|
| 610 |
1 |
|
|a владельческая надпись
|
| 610 |
1 |
|
|a библиотека И. Н. Бутакова
|
| 675 |
|
|
|a 656.2
|v 4
|
| 702 |
|
1 |
|a Царегородцев
|b В. Е.
|4 340
|
| 801 |
|
1 |
|a RU
|b 63413507
|c 20150703
|
| 801 |
|
2 |
|a RU
|b 63413507
|c 20190924
|g RCR
|
| 942 |
|
|
|c BK
|